| 000 | 00418nam a2200157Ia 4500 | ||
|---|---|---|---|
| 008 | 230917s9999||||xx |||||||||||||| ||und|| | ||
| 040 |
_e230939 _aMAIN |
||
| 041 | _aEnglish | ||
| 082 | _a005.74 F74D(5) | ||
| 100 | _aForouzan, Behrouza A | ||
| 245 | 0 | _aData communications and networking | |
| 250 | _a5th ed. | ||
| 260 |
_aNew Delhi _bMcGraw-Hill Education (India) _c2014 |
||
| 300 | _axxxi, 1226 p. | ||
| 942 | _cBK | ||
| 999 |
_c180880 _d180880 |
||